| 000 | 00462nam a2200193Ia 4500 | ||
|---|---|---|---|
| 008 | 151121s9999||||xx |||||||||||||| ||und|| | ||
| 082 | _a294।592/Aur | ||
| 082 | _bHNW-60559 | ||
| 100 | _aAurobindo Sri | ||
| 245 | _aKena Upanishad | ||
| 260 | _b"Aurobindo Ashram, Pondecherry।" | ||
| 260 | _c-- | ||
| 300 | _a134 | ||
| 600 | _aAurobindo Sri | ||
| 630 | _aKena Upanishad | ||
| 700 | _aAurobindo Sri | ||
| 730 | _aKena Upanishad | ||
| 942 | _cBOOK | ||
| 999 |
_c1242108 _d1242105 |
||